| 000 | 01337pac a2200397 i 4500 | ||
|---|---|---|---|
| 003 | EG-GICUC | ||
| 005 | 20260121101543.0 | ||
| 008 | 930308s1993 caua frb 001 0 eng d | ||
| 020 |
_a0125761600 _q(hardcover) |
||
| 020 |
_a9780125761604 _q(acid-free paper) |
||
| 020 | _a9780125761550 | ||
| 020 | _a0125761554 | ||
| 040 |
_aDNLM/DLC _cDLC _dDLC _dEG-GICUC _beng _erda |
||
| 050 | 0 | 0 |
_aHV6133 _b.R25 1993 |
| 060 | _aWM 600 R155 1993 | ||
| 082 | 0 | 0 |
_a343.62 _221 |
| 092 | 0 | 4 | _221 |
| 099 | _aLaw 10 1993 | ||
| 100 | 1 | _aRaine, Adrian. | |
| 245 | 1 | 4 |
_aThe psychopathology of crime : _bcriminal behavior as a clinical disorder / _cAdrian Raine. |
| 264 |
_aSan Diego : _bAcademic Press, _c1993. |
||
| 300 |
_axix, 377 page : _bill.ustrations ; _c24 cm. |
||
| 336 |
_atext _btxt _2rdacontent |
||
| 337 |
_aunmediated _bn _2rdamedia |
||
| 338 |
_avolume _bnc _2rdacarrier |
||
| 504 | _aIncludes bibliographical references (p. 321-351) and indexes. | ||
| 650 | 0 | _aCriminal behavior. | |
| 650 | 0 | _aPsychology, Pathological. | |
| 650 | 0 |
_aCriminals _xPhysiology. |
|
| 650 | 2 | _aCriminal Psychology. | |
| 650 | 2 |
_aSocial Behavior Disorders _xphysiopathology. _2qrmak |
|
| 650 | 2 |
_aSocial Behavior Disorders _xetiology. |
|
| 856 | 4 | 0 | _uhttps://fll.law.cu.edu.eg/fulltext/bks/ENGB10-00104.pdf |
| 905 | _a10 | ||
| 942 |
_2ddc _cBK _e21 _n0 |
||
| 999 |
_c52853 _d52853 |
||